Statystyki dla Rozsypanka literowa - Stany USA

Kliknij tutaj aby rozwiązać quiz!

Ogólne statystyki

  • Ten quiz został rozwiązany 6 443 razy
  • Średni wynik to 10 z 20

Statystyki odpowiedzi

Stan% Poprawnych
Ohio
89%
Utah
86%
Missisipi
85%
Alabama
77%
Alaska
75%
Idaho
74%
Kansas
72%
Iowa
71%
Floryda
67%
Illinois
67%
Indiana
67%
Oklahoma
67%
Arizona
66%
Georgia
66%
Arkansas
64%
Tennessee
64%
Luizjana
63%
Teksas
63%
Hawaje
62%
Oregon
61%
Montana
60%
Nevada
60%
Kentucky
59%
Wyoming
59%
Kolorado
58%
Massachusetts
58%
Nowy Jork
58%
Wisconsin
56%
Michigan
55%
Missouri
54%
Kalifornia
53%
Karolina Północna
53%
New Jersey
53%
Pensylwania
53%
Vermont
53%
Connecticut
51%
Waszyngton
51%
Maine
50%
Wirginia
50%
Dakota Północna
48%
Karolina Południowa
43%
Maryland
43%
Nebraska
42%
Dakota Południowa
40%
Delaware
40%
Minnesota
38%
New Hampshire
35%
Nowy Meksyk
29%
Rhode Island
19%
Wirginia Zachodnia
19%

Rozkład punktacji

Percentyl według liczby udzielonych odpowiedzi

Procent ludzi z każdym wynikiem

Twoja historia wyników

Nie rozwiązałeś tego quizu